| 000 | 01179nam a22002894a 4500 | ||
|---|---|---|---|
| 001 | ebr10076710 | ||
| 003 | CaPaEBR | ||
| 006 | m u | ||
| 007 | cr cn||||||||| | ||
| 008 | 020702s2003 enka sb 001 0 eng | ||
| 020 | _z0761971599 | ||
| 020 | _z0761971602 (pbk.) | ||
| 040 |
_aCaPaEBR _cCaPaEBR |
||
| 035 | _a(OCoLC)70773905 | ||
| 050 | 1 | 4 |
_aHD58.5 _b.D39 2003eb |
| 082 | 0 | 4 |
_a658.4/06 _221 |
| 100 | 1 | _aDawson, Patrick. | |
| 245 | 1 | 0 |
_aUnderstanding organizational change _h[electronic resource] : _bthe contemporary experience of people at work / _cPatrick Dawson. |
| 260 |
_aLondon ; _aThousand Oaks, Calif. : _bSage Publications, _c2003. |
||
| 300 |
_axii, 208 p. : _bill. |
||
| 504 | _aIncludes bibliographical references (p. [186]-200) and index. | ||
| 533 |
_aElectronic reproduction. _bPalo Alto, Calif. : _cebrary, _d2013. _nAvailable via World Wide Web. _nAccess may be limited to ebrary affiliated libraries. |
||
| 650 | 0 | _aOrganizational change. | |
| 655 | 7 |
_aElectronic books. _2local |
|
| 710 | 2 | _aebrary, Inc. | |
| 856 | 4 | 0 |
_uhttp://site.ebrary.com/lib/rucke/Doc?id=10076710 _zAn electronic book accessible through the World Wide Web; click to view |
| 999 |
_c53496 _d53496 |
||